Piłkarze z największą liczbą występów w LaLiga - Statystyki

Ogólne statystyki
  • Ten quiz został rozwiązany 601 razy
  • Średni wynik to 2 z 10
Statystyki odpowiedzi
Miejsce Piłkarz Liczba występów Pozycja % Poprawnych
10 Lionel Messi 520 Prawy napastnik
97%
8 Sergio Ramos 533 Środkowy obrońca
62%
4 Raúl 550 Cofnięty napastnik
41%
1 Joaquín 622 Prawy napastnik
10%
2 Andoni Zubizarreta 622 Bramkarz
5%
3 Raúl García 606 Środkowy napastnik
2%
6 Eusebio 543 Defensywny pomocnik
1%
9 Manolo Sanchís 523 Środkowy obrońca
1%
5 Loren 546 Środkowy obrońca
0%
7 Paco Buyo 542 Bramkarz
0%
Nie znaleziono quizów pasujących do podanych kryteriów
Rozkład punktacji
Procent ludzi z każdym wynikiem
Percentyl według liczby udzielonych odpowiedzi
Twoja historia wyników
Nie rozwiązałeś tego quizu